000 00491nam a2200169Ia 4500
005 20250508154243.0
008 008 250505s9999 xx 000 0 eng d
037 _aTextual
040 _aFEDL
_beng
_cFEDL
041 _aeng
_2eng
084 _a378.5402, UNI
_qFEDL
245 0 _aHandbook of universities in India 1963
260 _aNew Delhi, India
_bUniversity Grants Commission
_c1964
300 _a275p.
942 _cTEXL
_h378.5402, UNI
999 _c1349158
_d1349158